Письма разных должностных лиц директору Канцелярии министра народного просвещения В.Д. Комовскому о цензуре статей, о втором отд...

Доступно только в Электронных читальных залах Найти на картеНа карте
RUSMARC
00003688nmc2a22002413x 450
001ad953dc3-2f1c-4650-921f-e7ea3152893e
00520251024072559.0
100##$a20250506l18431848k l0rusy0189 ca
1010#$arus
102##$aRU
105##$ay###
1222#$ad
2001#$aПисьма разных должностных лиц директору Канцелярии министра народного просвещения В.Д. Комовскому о цензуре статей, о втором отделении Академии наук, о разъяснении цензурного устава и по другим цензурным вопросам
$j23 января 1843 г. - 3 апреля 1848 г.
215##$a13 л.
$d36,5х26 см
251##$cДело
300##$aДело
371##$aДокумент не является опубликованным и широко распространяемым
461#0$10012b5b8419-5ce4-4d16-a7a3-85720a295f1f
$12001
$aКанцелярия министра народного просвещения
$1251
$cФонд
$1852
$j735
462#0$1001562cc287-b13c-4f02-8029-f81535ba1e2e
$12001
$aКанцелярия министра народного просвещения
$1251
$cОпись
$1852
$j2
801#0$aRU
$bРГИА
$c20250506
$gRCR
801#1$aRU
$bГлавНИВЦ
$c20250506
$2rusmarc
801#2$aRU
$bПБ им. Б.Н. Ельцина
$c20251024
$gRCR
$2rusmarc
850##$aРГИА
852##$aРГИА
$eФедеральное казенное учреждение "Российский государственный исторический архив" (РГИА)
$j824
937##$hРГИА
$d12421743
$aASBIBLIO_SCAN
035##$aRusGRCC00085813
856##$uhttp://readingroom.main.prlib.ru/item.aspx?id_node=n198657400&mode=full
Формат отображения